000 00678nam a2200229 i 4500
003 DO-SdBNP
005 20230719140619.0
007 ta
008 230719b1960 dr ||||| |||| 00| 0 spa d
040 _aDO-SdBNP
_bspa
_cBNPHU
_erda
082 4 _222
100 _aBarón Goico, Héctor,
_930818
_eautor
245 1 0 _aManual de derecho agrario :
_bobra didáctica /
_cHéctor Barón Goico
264 1 _aCiudad Trujillo :
_bDel Caribe,
_c1960.
300 _a221 páginas ;
_c23 cm.
336 _2rdacontent
_atexto
_btxt
337 _2rdamedia
_asin mediación
_bn
338 _2rdacarrier
_avolumen
_bnc
590 _aInventariado, 2023/BT
910 _aBtavárez
942 _2ddc
_cLBS1
999 _c54207
_d54207